Structured stochastic matrices of M/G/1 type and their applications

Saved in:
Bibliographic Details
Main Author: Neuts, Marcel F.
Format: Book
Language:English
Published: New York : Marcel Dekker, c1989
Series:Probability, pure and applied ; ; 5
Subjects:
Tags: Add Tag
No Tags, Be the first to tag this record!

MARC

LEADER 00000nam a2200000 i 4500
001 1/81176
008 990514s1989 eng d
020 |a 0-8247-8283-6 
035 |l 10050824 
040 |a GR-MY-UA  |b gre  |e aacr 
041 0 |a eng 
082 0 |a 519.233 
100 1 |a Neuts, Marcel F. 
245 1 0 |a Structured stochastic matrices of M/G/1 type and their applications /  |c Marcel E. Neuts 
260 |a New York :   |b Marcel Dekker,   |c c1989 
300 |a xiv, 510 p.;  |c 24 cm. 
490 1 |a Probability, pure and applied  |v ; 5 
500 |a Includes index 
650 0 0 |a Markov processes. 
650 0 0 |a Queuing theory. 
650 0 0 |a Matrices. 
830 0 |a Probability, pure and applied ;  |v ; 5 
852 |a INST  |b SAMOS  |e 19990514  |h 519.233 NEU  |p 005300012647  |q 005300012647  |t BK  |y 0 
852 |a INST  |b SAMOS  |e 19991109  |h 519.233 NEU  |p 005300016801  |q 005300016801  |t BK  |y 0 
901 |a BIBL3-1999-3 
909 |a Σ  |b 063187 
909 |a Σ  |b 067464 
922 |a 3ΕΛΗ  |b 199905  |c ΕΠΕΑΕΚ/ΜΑΘ  |d LEADER 
922 |a 3ΕΛΗ  |b 199911  |c ΕΠΕΑΕΚ/ΜΑΘ  |d ΠΑΠΑΣΩΤΗΡΙΟΥ 
970 |a ΓΕΝΟΥΖΟΥ  |b ΧΡΥΣΑΝΘΗ  |z 1999/11/09